[Event "Wch Juvenil 2013 sub-18"]
[Site "Al-Ain UAE"]
[Date "2013.12.24"]
[Round "8.24"]
[White "Shetty, Atulya"]
[Black "Kenneskog, Theodor"]
[Result "1/2-1/2"]
[WhiteElo "2350"]
[BlackElo "2270"]
[PlyCount "61"]
[EventDate "2013.12.19"]
[EventType "swiss"]
[EventRounds "11"]
[EventCountry "UAE"]
[Source "lmi"]
[SourceDate "2013.12.19"]

1. c4 e5 2. g3 c6 3. d4 e4 4. Bg2 d5 5. Nc3 Nf6 6. cxd5 cxd5 7. Bg5 Bb4 8. Rc1
h6 9. Bxf6 Qxf6 10. f3 exf3 11. Nxf3 Nc6 12. O-O Bxc3 13. Rxc3 O-O 14. Ne5 Qd6
15. Rc5 Be6 16. Nxc6 bxc6 17. Qc1 Bd7 18. Qf4 Qxf4 19. gxf4 Rfb8 20. b3 a5 21.
e4 dxe4 22. Bxe4 a4 23. d5 cxd5 24. Bxd5 Ra7 25. Rfc1 axb3 26. Bxb3 Be6 27.
Bxe6 fxe6 28. R1c2 Rba8 29. Re5 Rxa2 30. Rxa2 Rxa2 31. Rxe6 1/2-1/2

[Event "Wch Juvenil 2013 sub-18"]
[Site "Al-Ain UAE"]
[Date "2013.12.24"]
[Round "8.25"]
[White "Ladva, Ottomar"]
[Black "Soysal, Serkan"]
[Result "1/2-1/2"]
[WhiteElo "2337"]
[BlackElo "2114"]
[PlyCount "89"]
[EventDate "2013.12.19"]
[EventType "swiss"]
[EventRounds "11"]
[EventCountry "UAE"]
[Source "lmi"]
[SourceDate "2013.12.19"]

1. d4 Nf6 2. c4 e6 3. Nc3 Bb4 4. e3 d5 5. Nge2 O-O 6. a3 Be7 7. cxd5 exd5 8.
Nf4 a5 9. Bd3 Re8 10. O-O c6 11. h3 Bd6 12. Nfe2 Bc7 13. Bd2 Qd6 14. Ng3 h5 15.
f4 g6 16. Qf3 h4 17. Nge2 Kg7 18. Qf2 Rh8 19. Kh1 Bf5 20. Bxf5 gxf5 21. g3 hxg3
22. Qxg3+ Kf8 23. Ng1 Nbd7 24. Nf3 Ke7 25. h4 Rag8 26. Qh3 Rg4 27. Be1 Rh5 28.
Ne5 Rg8 29. Rg1 Rxg1+ 30. Kxg1 Qe6 31. b4 Kd8 32. b5 Nxe5 33. fxe5 Nd7 34. bxc6
bxc6 35. Ne2 f6 36. Nf4 Qg8+ 37. Kf1 Rh7 38. e6 Bxf4 39. Bxa5+ Bc7 40. Bxc7+
Kxc7 41. exd7 Qg4 42. Qxg4 fxg4 43. Rb1 Rxh4 44. Rb7+ Kd8 45. Kf2 1/2-1/2

[Event "Wch Juvenil 2013 sub-18"]
[Site "Al-Ain UAE"]
[Date "2013.12.24"]
[Round "8.26"]
[White "Hernandez Sanchez, Jairo Andre"]
[Black "Badalyan, Shavarsh"]
[Result "0-1"]
[WhiteElo "2298"]
[BlackElo "2077"]
[PlyCount "66"]
[EventDate "2013.12.19"]
[EventType "swiss"]
[EventRounds "11"]
[EventCountry "UAE"]
[Source "lmi"]
[SourceDate "2013.12.19"]

1. e4 e5 2. Bc4 Nf6 3. d3 c6 4. Qe2 Bc5 5. Nf3 O-O 6. Bb3 d6 7. O-O Re8 8. Kh1
Nbd7 9. Nc3 Nf8 10. Be3 Bb6 11. Qd2 Ne6 12. Ne2 Nc5 13. Ng3 d5 14. exd5 Nxd5
15. Bxc5 Bxc5 16. Nxe5 Rxe5 17. d4 Nf6 18. Rad1 Bxd4 19. Qf4 Be6 20. Rxd4 Qa5
21. h3 Re8 22. Kh2 h6 23. Rfd1 Bd5 24. c3 Qc5 25. R1d2 a5 26. Bc2 b5 27. Nf5
R8e6 28. Ne3 Be4 29. Bxe4 Nxe4 30. Rd8+ Re8 31. R2d7 Nf6 32. Rxe8+ Rxe8 33. Nf5
Nxd7 0-1

[Event "Wch Juvenil 2013 sub-18"]
[Site "Al-Ain UAE"]
[Date "2013.12.24"]
[Round "8.27"]
[White "De Filomeno, Simone"]
[Black "Saraci, Nderim"]
[Result "1-0"]
[WhiteElo "2431"]
[BlackElo "2047"]
[PlyCount "72"]
[EventDate "2013.12.19"]
[EventType "swiss"]
[EventRounds "11"]
[EventCountry "UAE"]
[Source "lmi"]
[SourceDate "2013.12.19"]

1. d4 Nf6 2. c4 e6 3. Nf3 b6 4. g3 Bb7 5. Bg2 Be7 6. O-O O-O 7. d5 exd5 8. Nh4
Ne4 9. cxd5 Nd6 10. Nf3 f5 11. Nc3 Na6 12. Nd4 Bg5 13. Qc2 Bxc1 14. Raxc1 Qf6
15. e3 Rfc8 16. Rfd1 c5 17. dxc6 dxc6 18. Qb3+ Nf7 19. Qe6 Qxe6 20. Nxe6 Rab8
21. Rd7 Re8 22. Rxb7 Rxb7 23. Bxc6 Rxe6 24. Bxb7 Nc5 25. Bd5 Re7 26. Kf1 g6 27.
Ke2 Kg7 28. b4 Na6 29. a3 Nc7 30. Bb3 Nd6 31. a4 Kf6 32. f3 Kg7 33. Rd1 Nb7 34.
Rd4 h5 35. Nd5 Nxd5 36. Bxd5 Nd6 1-0

[Event "Wch Juvenil 2013 sub-18"]
[Site "Al-Ain UAE"]
[Date "2013.12.24"]
[Round "8.28"]
[White "Javanbakht, Nima"]
[Black "Meylan, Andre"]
[Result "1-0"]
[WhiteElo "2374"]
[BlackElo "2193"]
[PlyCount "52"]
[EventDate "2013.12.19"]
[EventType "swiss"]
[EventRounds "11"]
[EventCountry "UAE"]
[Source "lmi"]
[SourceDate "2013.12.19"]

1. d4 Nf6 2. c4 e6 3. Nf3 b6 4. g3 Bb7 5. Bg2 Be7 6. O-O O-O 7. d5 exd5 8. Nh4
c6 9. cxd5 Nxd5 10. Nf5 Nc7 11. e4 d5 12. Nc3 Bf6 13. exd5 cxd5 14. Bf4 Nba6
15. Re1 Qd7 16. Bh3 Ne6 17. Ne4 Qd8 18. Nxf6+ Qxf6 19. Be5 Qd8 20. Nd6 Ng5 21.
Bf1 Qd7 22. h4 Ne6 23. Qg4 Nac5 24. Bb5 Bc6 25. Bxc6 Qxc6 26. Nf5 f6 1-0

[Event "Wch Juvenil 2013 sub-18"]
[Site "Al-Ain UAE"]
[Date "2013.12.24"]
[Round "8.30"]
[White "Igambergenov, Alibek"]
[Black "Dolnak, Michal"]
[Result "1-0"]
[WhiteElo "2323"]
[BlackElo "2164"]
[PlyCount "71"]
[EventDate "2013.12.19"]
[EventType "swiss"]
[EventRounds "11"]
[EventCountry "UAE"]
[Source "lmi"]
[SourceDate "2013.12.19"]

1. d4 d5 2. c4 e6 3. Nc3 c5 4. cxd5 exd5 5. Nf3 Nc6 6. g3 Nf6 7. Bg2 Be7 8. O-O
O-O 9. Bg5 c4 10. Ne5 Be6 11. Nxc6 bxc6 12. b3 Qa5 13. Na4 Rfd8 14. Bf4 Rac8
15. Qc2 Nd7 16. Bd2 Qa6 17. b4 Bf6 18. Bc3 g6 19. f3 Bg7 20. e4 Re8 21. Kh1 Qb5
22. Rab1 Qa6 23. Rf2 Rb8 24. Re1 Qc8 25. Rfe2 Qa6 26. Nc5 Nxc5 27. bxc5 Red8
28. Qd2 Qa3 29. Rf2 Qa4 30. h3 dxe4 31. Rxe4 Bf5 32. Re7 Bf6 33. Re1 Bxd4 34.
Bxd4 c3 35. Qxc3 Qxd4 36. Re8+ 1-0

[Event "Wch Juvenil 2013 sub-18"]
[Site "Al-Ain UAE"]
[Date "2013.12.24"]
[Round "8.31"]
[White "Mindlin, Alon"]
[Black "Hughes, John L"]
[Result "1/2-1/2"]
[WhiteElo "2307"]
[BlackElo "2155"]
[PlyCount "44"]
[EventDate "2013.12.19"]
[EventType "swiss"]
[EventRounds "11"]
[EventCountry "UAE"]
[Source "lmi"]
[SourceDate "2013.12.19"]

1. d4 d5 2. c4 dxc4 3. e3 e5 4. Bxc4 exd4 5. exd4 Bd6 6. Nf3 Nf6 7. Qe2+ Qe7 8.
Qxe7+ Bxe7 9. Bf4 Bd6 10. Bxd6 cxd6 11. O-O O-O 12. Nc3 Bg4 13. Ng5 Nc6 14. h3
Bd7 15. Nge4 Nxe4 16. Nxe4 Nxd4 17. Rfd1 Nf5 18. Nxd6 Nxd6 19. Rxd6 Bc6 20.
Rad1 Rfe8 21. Bd5 Bxd5 22. R6xd5 Kf8 1/2-1/2

[Event "Wch Juvenil 2013 sub-18"]
[Site "Al-Ain UAE"]
[Date "2013.12.24"]
[Round "8.32"]
[White "Schreiner, Till"]
[Black "Bargandzhiya, Zaza"]
[Result "1-0"]
[WhiteElo "2304"]
[BlackElo "2039"]
[PlyCount "87"]
[EventDate "2013.12.19"]
[EventType "swiss"]
[EventRounds "11"]
[EventCountry "UAE"]
[Source "lmi"]
[SourceDate "2013.12.19"]

1. d4 Nf6 2. c4 e6 3. Nf3 b6 4. a3 c5 5. d5 Ba6 6. Qc2 exd5 7. cxd5 g6 8. Nc3
Bg7 9. e4 Bxf1 10. Kxf1 O-O 11. g3 d6 12. Kg2 Nbd7 13. Re1 Ng4 14. Bg5 f6 15.
Bf4 Nde5 16. Bxe5 fxe5 17. h3 Qf6 18. Qe2 Nh6 19. Nd2 a6 20. a4 Nf7 21. Nc4
Rab8 22. Ne3 Ng5 23. Rf1 Nf3 24. Qxa6 Nd2 25. Qe2 Nxf1 26. Rxf1 h5 27. h4 Bh6
28. Nc4 Rf7 29. Nb5 Bf8 30. f4 exf4 31. Rxf4 Qg7 32. Rxf7 Qxf7 33. Nbxd6 Bxd6
34. Nxd6 Qd7 35. Nb5 Rf8 36. Nc3 Qe7 37. e5 Rf5 38. e6 Kf8 39. Qe4 Qd6 40. Qe3
Qd8 41. Qh6+ Ke7 42. Qg7+ Kd6 43. Nb5+ Kxd5 44. e7 1-0

[Event "Wch Juvenil 2013 sub-18"]
[Site "Al-Ain UAE"]
[Date "2013.12.24"]
[Round "8.33"]
[White "Iyti, Basher"]
[Black "Pon, Matt"]
[Result "1/2-1/2"]
[WhiteElo "2269"]
[BlackElo "2006"]
[PlyCount "75"]
[EventDate "2013.12.19"]
[EventType "swiss"]
[EventRounds "11"]
[EventCountry "UAE"]
[Source "lmi"]
[SourceDate "2013.12.19"]

1. d4 Nf6 2. Nf3 e6 3. Bg5 d5 4. e3 Be7 5. Nbd2 Ne4 6. Bxe7 Qxe7 7. Nxe4 dxe4
8. Nd2 f5 9. Bc4 Nd7 10. Qh5+ g6 11. Qh6 Nf6 12. Qf4 Qd6 13. Qh4 Qe7 14. O-O-O
Bd7 15. Bb3 a5 16. a3 a4 17. Ba2 b5 18. c3 Ng4 19. Qxe7+ Kxe7 20. Rdf1 c5 21.
h3 Nf6 22. dxc5 Rhc8 23. Rd1 Rxc5 24. Nf1 Rac8 25. Ng3 Bc6 26. Ne2 Bd5 27. Bxd5
Nxd5 28. Kb1 Nb6 29. Rd4 Nc4 30. Rhd1 R5c7 31. Nc1 Ne5 32. Ka2 Rc4 33. R4d2
R4c5 34. Kb1 R5c7 35. Na2 g5 36. Nb4 Rd7 37. Rd4 Rc4 38. Kc2 1/2-1/2

[Event "Wch Juvenil 2013 sub-18"]
[Site "Al-Ain UAE"]
[Date "2013.12.24"]
[Round "8.34"]
[White "Vanagas, Tadas"]
[Black "Lokander, Martin"]
[Result "1-0"]
[WhiteElo "2116"]
[BlackElo "2246"]
[PlyCount "135"]
[EventDate "2013.12.19"]
[EventType "swiss"]
[EventRounds "11"]
[EventCountry "UAE"]
[Source "lmi"]
[SourceDate "2013.12.19"]

1. d4 f5 2. Nf3 Nf6 3. c4 g6 4. g3 Bg7 5. Bg2 O-O 6. O-O d6 7. Nc3 e6 8. b3 Nc6
9. Ba3 Ne4 10. Rc1 Nxc3 11. Rxc3 Qf6 12. Rd3 a5 13. Rd2 Nd8 14. c5 Nf7 15. Qb1
Re8 16. cxd6 cxd6 17. e4 Bh6 18. Re2 Bd7 19. Rd1 fxe4 20. Qxe4 Bc6 21. Qg4 a4
22. Bb2 Qf5 23. Qxf5 gxf5 24. d5 Bxd5 25. Nd4 Bxg2 26. Kxg2 Bg7 27. Nb5 Bxb2
28. Rxb2 Rad8 29. bxa4 d5 30. Re2 Re7 31. Nd4 Rde8 32. Rde1 e5 33. Nxf5 Re6 34.
Rb2 Nd8 35. Rb5 d4 36. Rd5 Nc6 37. Rd7 Rf6 38. Nxd4 Nxd4 39. Rxd4 Rxf2+ 40.
Kxf2 Rf8+ 41. Kg2 exd4 42. Rd1 Rc8 43. Rxd4 Rc2+ 44. Kh3 Rxa2 45. g4 Rb2 46.
Rd5 Rb4 47. a5 b6 48. Rd8+ Kf7 49. Rd7+ Ke6 50. Rxh7 bxa5 51. Rh6+ Kf7 52. Ra6
a4 53. Kh4 Kg7 54. Kh5 Rb2 55. h4 Rb5+ 56. g5 Rb4 57. Ra7+ Kg8 58. g6 Rc4 59.
Kg5 Rb4 60. h5 Rb5+ 61. Kh6 Rb8 62. Rxa4 Rc8 63. Ra5 Rb8 64. Kg5 Rc8 65. h6 Kh8
66. h7 Rc6 67. Ra8+ Kg7 68. h8=Q# 1-0

[Event "Wch Juvenil 2013 sub-18"]
[Site "Al-Ain UAE"]
[Date "2013.12.24"]
[Round "8.35"]
[White "Klabis, Rokas"]
[Black "Du Toit, Stefan"]
[Result "1-0"]
[WhiteElo "2239"]
[BlackElo "1822"]
[PlyCount "54"]
[EventDate "2013.12.19"]
[EventType "swiss"]
[EventRounds "11"]
[EventCountry "UAE"]
[Source "lmi"]
[SourceDate "2013.12.19"]

1. d4 Nf6 2. Bf4 c5 3. e3 Qb6 4. Nc3 cxd4 5. exd4 Nc6 6. Nf3 a6 7. Rb1 d5 8. h3
Bf5 9. Be2 Nb4 10. Rc1 e6 11. O-O Be7 12. Na4 Qd8 13. c3 Nc6 14. Nh4 Be4 15. b4
O-O 16. f3 Bg6 17. Nxg6 hxg6 18. Nc5 Qc8 19. Rb1 Nh5 20. Bh2 Bh4 21. g4 Ng3 22.
Rf2 Nxe2+ 23. Rxe2 Nb8 24. Qd3 Nd7 25. Rd2 Be7 26. Bg3 Nb6 27. Kg2 Nc4 1-0

[Event "Wch Juvenil 2013 sub-18"]
[Site "Al-Ain UAE"]
[Date "2013.12.24"]
[Round "8.36"]
[White "Grigorian, Roudolph"]
[Black "Drnovsek, Gal"]
[Result "1/2-1/2"]
[WhiteElo "2101"]
[BlackElo "2232"]
[PlyCount "96"]
[EventDate "2013.12.19"]
[EventType "swiss"]
[EventRounds "11"]
[EventCountry "UAE"]
[Source "lmi"]
[SourceDate "2013.12.19"]

1. e4 c5 2. Nf3 d6 3. d4 cxd4 4. Nxd4 Nf6 5. Nc3 a6 6. Be2 e5 7. Nb3 Be7 8. Bg5
Nbd7 9. a4 h6 10. Bh4 O-O 11. a5 b5 12. axb6 Nxb6 13. Na5 Qc7 14. Bxf6 Bxf6 15.
O-O Be6 16. Nd5 Nxd5 17. exd5 Bd7 18. Ra2 Qc5 19. c3 Bd8 20. Nb7 Qb6 21. Nxd8
Rfxd8 22. Qa1 a5 23. b4 a4 24. Ra3 Ra7 25. Qb2 Rb8 26. Rfa1 Rc7 27. Rb1 Bb5 28.
Bd1 Bc4 29. Rxa4 Bxd5 30. Qd2 Qc6 31. Rc1 Bxg2 32. c4 Bh1 33. f4 Bd5 34. c5
dxc5 35. Rxc5 Qg6+ 36. Kf1 Rxc5 37. bxc5 Rd8 38. Bc2 Qf6 39. Qf2 Bc6 40. Rb4
exf4 41. Qxf4 Qc3 42. Rb8 Bb5+ 43. Rxb5 Qxc2 44. Rb8 Rxb8 45. Qxb8+ Kh7 46. Qd6
f5 47. c6 f4 48. Qxf4 Qxc6 1/2-1/2

[Event "Wch Juvenil 2013 sub-18"]
[Site "Al-Ain UAE"]
[Date "2013.12.24"]
[Round "8.38"]
[White "Horvath, David"]
[Black "Martinez Maya, Steven"]
[Result "1-0"]
[WhiteElo "2351"]
[BlackElo "2065"]
[PlyCount "65"]
[EventDate "2013.12.19"]
[EventType "swiss"]
[EventRounds "11"]
[EventCountry "UAE"]
[Source "lmi"]
[SourceDate "2013.12.19"]

1. c4 Nf6 2. g3 e5 3. Bg2 d5 4. cxd5 Nxd5 5. Nc3 Nb6 6. Nf3 Nc6 7. O-O Be7 8.
a3 Be6 9. b4 O-O 10. Rb1 f6 11. d3 Qd7 12. Ne4 Nd5 13. Qc2 b6 14. Bb2 a5 15. b5
Na7 16. d4 Nxb5 17. dxe5 Nxa3 18. Bxa3 Bxa3 19. exf6 Nxf6 20. Ne5 Qe8 21. Nxf6+
Rxf6 22. Bxa8 Qxa8 23. Nf3 Bc5 24. Ng5 Rg6 25. Nxe6 Rxe6 26. e3 Qe4 27. Qb3 Kf7
28. Rbc1 Qf5 29. Rc4 Ke7 30. Rfc1 Re5 31. Rf4 Qe6 32. Qc2 g6 33. Qa4 1-0

[Event "Wch Juvenil 2013 sub-18"]
[Site "Al-Ain UAE"]
[Date "2013.12.24"]
[Round "8.39"]
[White "Eltigani, Omar"]
[Black "De Abreu, Roberto N"]
[Result "1-0"]
[WhiteElo "2288"]
[BlackElo "2013"]
[PlyCount "59"]
[EventDate "2013.12.19"]
[EventType "swiss"]
[EventRounds "11"]
[EventCountry "UAE"]
[Source "lmi"]
[SourceDate "2013.12.19"]

1. c4 c5 2. Nc3 Nc6 3. g3 g6 4. Bg2 Bg7 5. Nf3 e5 6. O-O d6 7. d3 Nge7 8. Rb1
O-O 9. a3 a5 10. Ne1 Be6 11. Nd5 Nd4 12. e3 Bxd5 13. cxd5 Nb5 14. Bd2 Nc7 15.
e4 Nb5 16. Nc2 Qd7 17. a4 Nd4 18. Nxd4 cxd4 19. b4 b6 20. bxa5 bxa5 21. Qb3
Rfc8 22. Qb7 Qd8 23. Bh3 Rc5 24. Rfc1 Rxc1+ 25. Bxc1 Bf8 26. Ba3 f5 27. Bxd6
Rc8 28. Bxe5 Bg7 29. d6 Bxe5 30. dxe7 1-0

[Event "Wch Juvenil 2013 sub-18"]
[Site "Al-Ain UAE"]
[Date "2013.12.24"]
[Round "8.40"]
[White "Teh, Eu Wen Aron"]
[Black "Ramos Libon, Jean Piere"]
[Result "1-0"]
[WhiteElo "2272"]
[BlackElo "1947"]
[PlyCount "99"]
[EventDate "2013.12.19"]
[EventType "swiss"]
[EventRounds "11"]
[EventCountry "UAE"]
[Source "lmi"]
[SourceDate "2013.12.19"]

1. d4 Nf6 2. c4 e6 3. Nc3 Bb4 4. Qc2 d5 5. a3 Bxc3+ 6. Qxc3 h6 7. Nf3 O-O 8.
Bf4 Nbd7 9. e3 b6 10. Be2 Bb7 11. O-O Nh5 12. Be5 Rc8 13. cxd5 exd5 14. b4 c6
15. Bd6 Re8 16. h3 Nhf6 17. Bh2 Ne4 18. Qb2 Ra8 19. Bd3 Qe7 20. Rfc1 a5 21. Ne5
Nxe5 22. Bxe5 f6 23. Bf4 b5 24. bxa5 Rxa5 25. Qb4 Ra4 26. Qxe7 Rxe7 27. Bc2 Ra6
28. a4 Nc3 29. axb5 Rxa1 30. Rxa1 cxb5 31. Kf1 Re8 32. Bd6 Ra8 33. Rxa8+ Bxa8
34. Bb4 Ne4 35. f3 Ng5 36. Bf5 Bc6 37. h4 Nf7 38. Be7 Nh8 39. Be6+ Kh7 40. h5
g6 41. Bxf6 gxh5 42. Ke2 Ng6 43. Bf5 b4 44. Kd2 h4 45. Kc2 Bb5 46. Kb3 Bf1 47.
Bh3 Nf8 48. Kxb4 Kg6 49. Bxh4 Nh7 50. Kc5 1-0

[Event "Wch Juvenil 2013 sub-18"]
[Site "Al-Ain UAE"]
[Date "2013.12.24"]
[Round "8.41"]
[White "Arias, Pablo"]
[Black "Patil, Pratik"]
[Result "1-0"]
[WhiteElo "2084"]
[BlackElo "2265"]
[PlyCount "59"]
[EventDate "2013.12.19"]
[EventType "swiss"]
[EventRounds "11"]
[EventCountry "UAE"]
[Source "lmi"]
[SourceDate "2013.12.19"]

1. e4 c5 2. Nf3 e6 3. d4 cxd4 4. Nxd4 a6 5. Nc3 b5 6. Bd3 Qb6 7. Nb3 Qc7 8. O-O
d6 9. Be3 Nd7 10. a4 bxa4 11. Rxa4 Ngf6 12. Qe2 Nb8 13. Nb5 Qb7 14. Na5 Qe7 15.
Nc4 axb5 16. Rxa8 bxc4 17. Bxc4 Qc7 18. Bb5+ Nfd7 19. Ba7 Nc6 20. Qc4 Nde5 21.
Qa4 Ke7 22. Bb6 Qxb6 23. Rxc8 Nd4 24. Bd3 g5 25. Qa8 Ng4 26. c3 Nb5 27. Rb8 Nc7
28. Rb7 Ne5 29. Qb8 Bg7 30. Rxc7+ 1-0

[Event "Wch Juvenil 2013 sub-18"]
[Site "Al-Ain UAE"]
[Date "2013.12.24"]
[Round "8.42"]
[White "Grandadam, Patrik"]
[Black "Darling, Paul D"]
[Result "1-0"]
[WhiteElo "2243"]
[BlackElo "1847"]
[PlyCount "105"]
[EventDate "2013.12.19"]
[EventType "swiss"]
[EventRounds "11"]
[EventCountry "UAE"]
[Source "lmi"]
[SourceDate "2013.12.19"]

1. g3 Nf6 2. Bg2 c5 3. c4 e6 4. Nf3 Be7 5. O-O O-O 6. Nc3 d6 7. d4 cxd4 8. Nxd4
a6 9. b3 Qc7 10. Bb2 Nc6 11. Rc1 Bd7 12. Nd5 exd5 13. cxd5 Nxd5 14. Bxd5 Qb6
15. Nf3 Be6 16. a3 Rac8 17. Qd3 Qa5 18. Rfd1 Ne5 19. Nxe5 Rxc1 20. Bxc1 dxe5
21. Bxe6 fxe6 22. b4 Qa4 23. Qd7 Qxd7 24. Rxd7 Rd8 25. Rxe7 Rd1+ 26. Kg2 Rxc1
27. Rxb7 Ra1 28. Ra7 Rxa3 29. b5 Rb3 30. bxa6 Ra3 31. h4 h5 32. e3 e4 33. Ra8+
Kh7 34. a7 Ra1 35. Kh2 Kg6 36. g4 hxg4 37. Kg3 e5 38. h5+ Kh7 39. Kxg4 Ra2 40.
Kg5 g6 41. hxg6+ Kg7 42. Kg4 Ra6 43. Kf5 Ra5 44. Kxe4 Ra4+ 45. Kxe5 Ra3 46. e4
Ra5+ 47. Kf4 Ra4 48. Kf5 Ra2 49. e5 Ra1 50. e6 Ra3 51. e7 Ra5+ 52. Kg4 Kf6 53.
e8=Q 1-0

[Event "Wch Juvenil 2013 sub-18"]
[Site "Al-Ain UAE"]
[Date "2013.12.24"]
[Round "8.43"]
[White "Gstach, Jakob"]
[Black "Meisch, Tanguy"]
[Result "1-0"]
[WhiteElo "2227"]
[BlackElo "1810"]
[PlyCount "36"]
[EventDate "2013.12.19"]
[EventType "swiss"]
[EventRounds "11"]
[EventCountry "UAE"]
[Source "lmi"]
[SourceDate "2013.12.19"]

1. d4 e6 2. c4 Nf6 3. Nc3 Bb4 4. e3 O-O 5. Nge2 d5 6. a3 Bxc3+ 7. Nxc3 b6 8.
cxd5 Nxd5 9. e4 Nxc3 10. bxc3 Bb7 11. Bd3 Ba6 12. Bxa6 Nxa6 13. Qa4 Qc8 14. O-O
c5 15. d5 exd5 16. exd5 Nc7 17. Rd1 Rd8 18. Qe4 b5 1-0

[Event "Wch Juvenil 2013 sub-18"]
[Site "Al-Ain UAE"]
[Date "2013.12.24"]
[Round "8.45"]
[White "Atanasov, Anatoli"]
[Black "Alarcon Careaga, Gustavo"]
[Result "1/2-1/2"]
[WhiteElo "2041"]
[BlackElo "2133"]
[PlyCount "89"]
[EventDate "2013.12.19"]
[EventType "swiss"]
[EventRounds "11"]
[EventCountry "UAE"]
[Source "lmi"]
[SourceDate "2013.12.19"]

1. d4 d5 2. Nf3 Nf6 3. Bf4 c5 4. e3 Nc6 5. c3 e6 6. Bb5 Qb6 7. Bxc6+ Qxc6 8.
Nbd2 Nd7 9. Ne5 Nxe5 10. Bxe5 f6 11. Bg3 b6 12. a4 Ba6 13. Nb3 Be7 14. Nc1 O-O
15. Ne2 cxd4 16. exd4 e5 17. dxe5 fxe5 18. O-O Rae8 19. Bxe5 Bc5 20. Nd4 Bxd4
21. Qxd4 Bxf1 22. Rxf1 Rf7 23. Rd1 Rd7 24. h3 Qc5 25. b4 Qxd4 26. Bxd4 Re2 27.
Ra1 Rde7 28. Kh2 Re1 29. Ra3 R1e6 30. a5 b5 31. a6 Rd7 32. Ra5 Kf7 33. Kg3 Ke8
34. f4 g6 35. Kf3 Kf7 36. Bc5 Rc6 37. Bd4 Ke6 38. g4 Rf7 39. Ke3 Kd6 40. Be5+
Ke6 41. Bd4 Rfc7 42. Kf2 Rd7 43. Ke3 Rdd6 44. Be5 Rd7 45. Bd4 1/2-1/2

[Event "Wch Juvenil 2013 sub-18"]
[Site "Al-Ain UAE"]
[Date "2013.12.24"]
[Round "8.46"]
[White "Baskara, Fiodias"]
[Black "Malureanu, Costin-George"]
[Result "1-0"]
[WhiteElo "1936"]
[BlackElo "2116"]
[PlyCount "49"]
[EventDate "2013.12.19"]
[EventType "swiss"]
[EventRounds "11"]
[EventCountry "UAE"]
[Source "lmi"]
[SourceDate "2013.12.19"]

1. d4 e6 2. c4 d5 3. Nf3 Nf6 4. Nc3 Bb4 5. Bg5 c5 6. dxc5 Nbd7 7. cxd5 exd5 8.
Bxf6 Qxf6 9. Rc1 Nxc5 10. g3 O-O 11. Bg2 Rd8 12. Qd4 Qb6 13. O-O Ne6 14. Qxb6
axb6 15. a3 Be7 16. e3 d4 17. exd4 Nxd4 18. Nxd4 Rxd4 19. Nd5 Bd8 20. Rfd1 Bd7
21. Nb4 Bf6 22. Bxb7 Rd8 23. Nd5 Bg5 24. f4 Bh6 25. Rxd4 1-0

[Event "Wch Juvenil 2013 sub-18"]
[Site "Al-Ain UAE"]
[Date "2013.12.24"]
[Round "8.47"]
[White "Abdulla, Abdulwahab"]
[Black "Aleman Hernandez, Andres"]
[Result "0-1"]
[WhiteElo "1838"]
[BlackElo "2110"]
[PlyCount "46"]
[EventDate "2013.12.19"]
[EventType "swiss"]
[EventRounds "11"]
[EventCountry "UAE"]
[Source "lmi"]
[SourceDate "2013.12.19"]

1. e4 c5 2. Nf3 Nc6 3. d4 cxd4 4. Nxd4 d6 5. Nc3 Nf6 6. Bg5 Qa5 7. Bxf6 gxf6 8.
Qd2 h5 9. f4 Bh6 10. g3 Bg4 11. Bb5 Rc8 12. h3 Bd7 13. Be2 Nxd4 14. Qxd4 h4 15.
Qd3 hxg3 16. Qxg3 b5 17. Kd1 b4 18. Nd5 Be6 19. c4 bxc3 20. Nxc3 Qb4 21. Rh2
Kf8 22. Rb1 Qd4+ 23. Bd3 Rg8 0-1

[Event "Wch Juvenil 2013 sub-18"]
[Site "Al-Ain UAE"]
[Date "2013.12.24"]
[Round "8.48"]
[White "Rygg, Snorre"]
[Black "Madi, Aslan"]
[Result "1-0"]
[WhiteElo "1838"]
[BlackElo "2099"]
[PlyCount "129"]
[EventDate "2013.12.19"]
[EventType "swiss"]
[EventRounds "11"]
[EventCountry "UAE"]
[Source "lmi"]
[SourceDate "2013.12.19"]

1. e4 c6 2. d4 d5 3. Nc3 dxe4 4. Nxe4 Bf5 5. Ng3 Bg6 6. Nf3 Nd7 7. h4 h6 8. h5
Bh7 9. Bd3 Bxd3 10. Qxd3 e6 11. O-O Ngf6 12. Re1 Bd6 13. Ne5 Qc7 14. Qe2 O-O
15. Nxd7 Qxd7 16. Ne4 Be7 17. Nxf6+ Bxf6 18. c3 Qd5 19. Qg4 Kh8 20. Bf4 Qb5 21.
b3 Qd3 22. Re3 Qc2 23. Qe2 Qf5 24. Re4 c5 25. dxc5 Qxc5 26. Rd1 Rfd8 27. Rc4
Qf5 28. g4 Qa5 29. Rxd8+ Qxd8 30. Be5 Qa5 31. Bxf6 gxf6 32. Qf3 Qg5 33. Qxb7
Rd8 34. Qf3 Rd2 35. Qf4 Rd1+ 36. Kg2 Qd5+ 37. Qf3 Qd8 38. Qe3 Kg7 39. Rd4 Rxd4
40. Qxd4 Qa8+ 41. f3 e5 42. Qd3 Qc6 43. c4 Qc5 44. Qc2 a5 45. Qf2 Qc6 46. Qe3
Qd6 47. c5 Qd1 48. Qf2 Qc1 49. a3 Qc3 50. b4 axb4 51. axb4 Qxb4 52. Qc2 Qb7 53.
c6 Qc7 54. Qc5 Kg8 55. Kf2 f5 56. gxf5 Kg7 57. Ke3 Kf6 58. Ke4 Qb8 59. c7 Qb7+
60. Kd3 Qc8 61. Qb6+ Kxf5 62. Qb8 Qa6+ 63. Ke3 Qa3+ 64. Kf2 Kf4 65. c8=Q 1-0

[Event "Wch Juvenil 2013 sub-18"]
[Site "Al-Ain UAE"]
[Date "2013.12.24"]
[Round "8.49"]
[White "Hasenohr, Benedict"]
[Black "Muhd, Ahsanuddien Bin Bad"]
[Result "1-0"]
[WhiteElo "2278"]
[BlackElo "1803"]
[PlyCount "45"]
[EventDate "2013.12.19"]
[EventType "swiss"]
[EventRounds "11"]
[EventCountry "UAE"]
[Source "lmi"]
[SourceDate "2013.12.19"]

1. Nf3 Nf6 2. c4 c5 3. e3 g6 4. b3 Bg7 5. Bb2 d6 6. Be2 O-O 7. O-O Qc7 8. Nc3
e6 9. d4 Nc6 10. Qc2 a6 11. Rad1 b6 12. d5 Ne7 13. Ng5 h6 14. Nge4 Nxe4 15.
Nxe4 e5 16. f4 Nf5 17. fxe5 Nxe3 18. Qd2 Nxd1 19. exd6 Qd8 20. Nf6+ Kh8 21.
Bxd1 Qxd6 22. Ne8 Rxe8 23. Qxh6+ 1-0

[Event "Wch Juvenil 2013 sub-18"]
[Site "Al-Ain UAE"]
[Date "2013.12.24"]
[Round "8.50"]
[White "Jacobsen, Fredrik Beer"]
[Black "Menezes, Christoph"]
[Result "0-1"]
[WhiteElo "1966"]
[BlackElo "2260"]
[PlyCount "100"]
[EventDate "2013.12.19"]
[EventType "swiss"]
[EventRounds "11"]
[EventCountry "UAE"]
[Source "lmi"]
[SourceDate "2013.12.19"]

1. e4 e5 2. Nf3 Nc6 3. d4 exd4 4. Bc4 Nf6 5. e5 Ng4 6. Bxf7+ Kxf7 7. Ng5+ Kg8
8. Qxg4 h6 9. Nf3 d6 10. Qe4 dxe5 11. Nxe5 Qf6 12. Nxc6 bxc6 13. O-O Bf5 14.
Qe2 Bd6 15. Nd2 Kh7 16. Nc4 Rae8 17. Qd1 Re6 18. Nxd6 cxd6 19. Bd2 Qg6 20. c3
Rf8 21. f3 Bc2 22. Qc1 Bd3 23. Rf2 Rfe8 24. Bf4 Qf6 25. Qd2 Ba6 26. c4 Bxc4 27.
Qc2+ Kh8 28. Qxc4 Qxf4 29. g3 d5 30. Qxc6 Rxc6 31. gxf4 Rg6+ 32. Kf1 Re3 33.
Re1 Rf6 34. Rd1 Rxf4 35. Kg2 Kg8 36. b3 Kf7 37. Rfd2 Ke6 38. Rxd4 Rxd4 39. Rxd4
Re2+ 40. Kg3 Rxa2 41. Rg4 Kf6 42. h4 g6 43. Rd4 Ke5 44. Rg4 Ra6 45. Kf2 Rb6 46.
Ra4 a6 47. b4 d4 48. Ke2 Rd6 49. Ra3 Kf4 50. Rd3 Kg3 0-1

[Event "Wch Juvenil 2013 sub-18"]
[Site "Al-Ain UAE"]
[Date "2013.12.24"]
[Round "8.54"]
[White "Thorpe, Thomas"]
[Black "Marwizi, Tanaka"]
[Result "1-0"]
[WhiteElo "1897"]
[PlyCount "43"]
[EventDate "2013.12.19"]
[EventType "swiss"]
[EventRounds "11"]
[EventCountry "UAE"]
[Source "lmi"]
[SourceDate "2013.12.19"]
[BlackElo "2264"]

1. e4 e6 2. d4 d5 3. Nd2 dxe4 4. Nxe4 Be7 5. Nf3 Nd7 6. Bd3 b6 7. Qe2 Bb7 8.
Be3 Ngf6 9. Nxf6+ Nxf6 10. O-O-O O-O 11. Rhg1 a5 12. g4 Qd5 13. Ne5 Qxa2 14. c3
Be4 15. g5 Bxd3 16. Qxd3 Nd5 17. g6 fxg6 18. Nxg6 Rf5 19. Qe4 Rf7 20. Qxe6 hxg6
21. Rxg6 Nxc3 22. Rxg7+ 1-0